000 01460nam a2200265Ia 4500
999 _c42508
_d42508
001 9205
003 GE_BSU
005 20230209120039.0
008 181216s2014 ge |||||||||||||| ||geo||
020 _a9789941934742
040 _cGE_BSU
041 _ageo
080 _a34(038)+81'374.26:34=353.1 გ-20
245 _aგანმარტებითი იურიდიული ლექსიკონი = Juristisches Fachlexikon /
_cავტ.: ლევან თოთლაძე, გაგა გაბრიჩიძე, გიორგი თუმანიშვილი [და სხვ.] ; რედ.: გიორგი ხუბუა, ლევან თოთლაძე ; GIZ, IRZ.
250 _aმე-2 უცვლელი გამოც.
264 _aთბილისი.
_bGIZ : IRZ,
_c2014.
300 _a626 გვ.;
_b20 სმ.
700 _aთოთლაძე, ლ. (ლევან),
_eავტორი
_916854
700 _aთუმანიშვილი, გ. (გიორგი)
_e ავტორი
_916855
700 _aტურავა, პ. (პაატა),
_eავტორი
_916856
700 _aჩაჩანიძე, ე. (ეთერ)
_d.
_eავტორი
_916857
700 _aხუბუა, გ. (გიორგი)
_eრედაქტორი
_916858
700 _aთოთლაძე, ლ. (ლევან)
_eრედაქტორი
_916859
942 _cBK
_2udc